| 000 | 03088nam a2200337Ia 4500 | ||
|---|---|---|---|
| 999 |
_c55590 _d55590 |
||
| 001 | 22685 | ||
| 003 | GE_BSU | ||
| 005 | 20230412144741.0 | ||
| 008 | 181216s2018||||ge |||||||||||||| || || | ||
| 020 | _aISSN 1987-5576 ISBN 9789941277177 | ||
| 040 | _cGE_BSU | ||
| 041 | _ageo | ||
| 080 | _a342.511(479.22)+929(479.22) ს-32 | ||
| 245 |
_aსაქართველოს სახელმწიფოს ხელმძღვანელები : ოფიციალური დოკუმენტები, მიმართვები და ინტერვიუები ტ. 14 : _bნოე ჟორდანია:საქართველოს რესპუბლიკის მათავრობის თავმჯდომარე (1918წლის 24ივნისი-1921წლის 18 მარტი) / _cიდეის ავტორი : ემზარ ჯგერენაია, დორის ფოგლი ; მთ.რედ. შტეპჰმენ ჯონსი ; შემდგენ. : ლილი საყვარელიძე, ეთერ შუბითიძე. |
||
| 264 |
_aთბილისი : _bსაქრთველოს პარლამენტის ეროვნული ბიბლიოთეკა, _c2018. |
||
| 300 |
_a259 გვ. ; _c20 სმ. |
||
| 490 |
_aსაქართველოს სახელმწიფოს ხელმძღვანლები _v14 |
||
| 500 | _aეძღვნება საქართველოს დემოკრატიული რესპუბლიკის 100 წლისთავს | ||
| 501 | _aპირთა საძიებელი : გვ. 243-250 | ||
| 501 | _aსაგნობრივი საძ. : გვ. 251-259 | ||
| 520 | _aეძღვნება საქართველოს დემოკრატიული რესპუბლიკის 100 წლისთავს. | ||
| 541 | _h7ლ. | ||
| 653 | _aბიოგრაფიული და მონათესავე გამოკვლევები | ||
| 653 | _aნოე ჟორდანია : საქართველოს რესპუბლიკის მათავრობის თავმჯდომარე (1918წლის 24ივნისი-1921წლის 18 მარტი) | ||
| 653 | _aსაქართველოს სახელმწიფოს ხელმძღვანელები : ოფიციალური დოკუმენტები, მიმართვები და ინტერვიუები. ტ. 14 | ||
| 653 | _aსახელმწიფო (საჯარო სამართალი) | ||
| 700 |
_aჯონსი, შტეპჰმენ _eმთ. რედაქტორი _917635 |
||
| 700 |
_aსაყვარელიძე, ლილი _eშემდგენილი _917636 |
||
| 700 |
_aშუბითიძე, ეთერ _eშემდგენელი _917637 |
||
| 942 |
_cBK _2udc |
||